Materialismo y empiriocriticismo : (Record no. 12602)

000 -CABECERA
fixed length control field 00935nam a22002297a 4500
003 - IDENTIFICADOR DEL NÚMERO DE CONTROL
control field AR-CdUCM
008 - DATOS DE LONGITUD FIJA--INFORMACIÓN GENERAL
fixed length control field 190409b ||||| |||| 00| 0 spa d
040 ## - FUENTE DE LA CATALOGACIÓN
Agencia/entidad que catalogó originalmente la obra MUNICIPALIDAD PROVINCIAL DEL CUSCO
Entidad que transcribió la catalogación BIBLIOTECA MUNICIPAL DEL CUSCO
082 ## - NÚMERO DE LA CLASIFICACIÓN DECIMAL DEWEY
No. de Clasificación 146 /
Notacion interna L45
100 ## - ENTRADA PRINCIPAL--NOMBRE DE PERSONA
Nombre Personal Lenin, W. I.
245 ## - MENCIÓN DE TÍTULO
Título Materialismo y empiriocriticismo :
Resto del título Notas criticas sobre una filosofía reaccionaria /
260 ## - PUBLICACIÓN, DISTRIBUCIÓN, ETC.
Lugar de publicación, distribución, etc. Madrid :
Nombre de la editorial, distribuidor, etc. Jason,
300 ## - DESCRIPCIÓN FÍSICA
Nº de Páginas Extensión 462 páginas ;
Dimensiones 19 cm.
440 ## - MENCIÓN DE SERIE/PUNTO DE ACCESO ADICIONAL--TÍTULO
Título Colección Hombres e ideas
9 (RLIN) 30521
505 ## - NOTA DE CONTENIDO CON FORMATO
Nota de contenido formateada Contenido : A manera de introducción -- La teoría del conocimiento del empiricriticismo y del materialismo dialéctico -- La teoría del conocimiento del empiriocriticismo y del materialismo dialéctico ...
650 ## - PUNTO DE ACCESO ADICIONAL DE MATERIA--TÉRMINO DE MATERIA
Descriptor Materialismo
9 (RLIN) 5459
650 ## - PUNTO DE ACCESO ADICIONAL DE MATERIA--TÉRMINO DE MATERIA
Descriptor Empiriocriticismo
9 (RLIN) 15843
650 ## - PUNTO DE ACCESO ADICIONAL DE MATERIA--TÉRMINO DE MATERIA
Descriptor Teoría
9 (RLIN) 5077
700 ## - PUNTO DE ACCESO ADICIONAL--NOMBRE DE PERSONA
Nombre Personal Rodas, Asís De
9 (RLIN) 30522
942 ## - ELEMENTOS DE PUNTO DE ACCESO ADICIONAL (KOHA)
Fuente de clasificación
Tipo de item Libros-BMC
945 ## - PROCESAMIENTO DE INFORMACIÓN LOCAL (OCLC)
Catalogador rah
AAAA-MM-DD - Fecha de ingreso o modificacion 09/04/2019
Holdings
Estado de retiro (separado) Fuente de clasificación o esquema de estanterías Estado dañado Ubicación Sala donde se ubica Nombre de la colección Fecha de adquisición o compra Costo, precio normal en soles Signatura topográfica Código de Barras Última vez visto (Koha) Tipo de ítem (Koha)
No     Sala Cusco Antiguo Sala Cusco Antiguo Book Cart 2019-04-09 25.00 146 / L45 SCA0002319 2019-04-09 Libros-BMC

Powered by Koha